000 00735nam a2200205Ia 4500
005 20260121110022.0
008 008 260114s9999 xx 000 0 hin d
020 _a9788132360568
037 _aEBOOK
040 _aCRL
_bhin
_cCRL
041 _ahin
_2hin
084 _qCRL
100 _aकमलेश्वर पाल / Kamleshwar Pal
_9941052
245 0 _aग्रीन हाउस प्रभाव और स्वास्थ्य चुनौतियाँ / Greenhouse Prabhav aur Swasthya Chunautiyan
260 _bभाषा प्रकाशन / Bhasha Prakashan
_c2021
856 _uhttps://bhashaprakashan.com/product-details/382699
942 _cEBOOK
999 _c1532717
_d1532717